[Event "Grenzturnering Basis 1516"]
[Site "Denmark"]
[Date "2016.03.08"]
[Round "6"]
[White "Moller, Carl Aage Vincent"]
[Black "Svendsen, Gunnar Lind Hasse"]
[Result "0-1"]
[WhiteElo "1041"]
[BlackElo "1534"]
[PlyCount "34"]
[EventDate "2015.10.20"]
[EventType "tourn"]
[EventRounds "9"]
[EventCountry "DEN"]
[SourceTitle "EXT 2023"]
[Source "ChessBase"]
[SourceDate "2022.10.05"]
[SourceVersion "1"]
[SourceVersionDate "2022.10.05"]
[SourceQuality "1"]

1. e4 c6 2. d4 d5 3. e5 Bf5 4. Nf3 e6 5. Be2 Nd7 6. Nbd2 c5 7. dxc5 Bxc5 8. Nb3 Bb6 9. Bg5 Qc7 10. 0-0 Nxe5 11. Bf4 Nxf3+ 12. Bxf3 Qxf4 13. Nd2 Ne7 14. c3 0-0 15. a4 Rfd8 16. a5 Bc7 17. Ra4 Qxh2# 0-1

[Event "Grenzturnering Basis 1516"]
[Site "Denmark"]
[Date "2015.12.08"]
[Round "2"]
[White "Kristensen, Karl Martin"]
[Black "Moller, Carl Aage Vincent"]
[Result "1-0"]
[WhiteElo "1439"]
[BlackElo "1041"]
[PlyCount "59"]
[EventDate "2015.10.20"]
[EventType "tourn"]
[EventRounds "9"]
[EventCountry "DEN"]
[SourceTitle "EXT 2023"]
[Source "ChessBase"]
[SourceDate "2022.10.05"]
[SourceVersion "1"]
[SourceVersionDate "2022.10.05"]
[SourceQuality "1"]

1. c4 c5 2. Nc3 d6 3. d3 Nf6 4. e4 Nc6 5. h3 h6 6. Be2 g6 7. Bf4 Rg8 8. Bh2 Bd7 9. f4 Nh7 10. Nf3 Bg7 11. 0-0 a6 12. Qd2 Bf6 13. Rae1 Nd4 14. e5 Nxf3+ 15. Bxf3 Bh4 16. g3 Bxg3 17. Bxg3 Bxh3 18. Rf2 e6 19. Bxb7 Rb8 20. Bxa6 Qb6 21. Bb5+ Kf8 22. Rh2 Bf5 23. Rxh6 Kg7 24. Qh2 Nf8 25. Bh4 dxe5 26. fxe5 f6 27. Bxf6+ Kf7 28. Rh7+ Nxh7 29. Qxh7+ Rg7 30. Qxg7# 1-0

[Event "Grenzturnering Basis 1516"]
[Site "Denmark"]
[Date "2015.10.20"]
[Round "1"]
[White "Moller, Carl Aage Vincent"]
[Black "Sorensen, Helge"]
[Result "0-1"]
[WhiteElo "1041"]
[BlackElo "1577"]
[PlyCount "68"]
[EventDate "2015.10.20"]
[EventType "tourn"]
[EventRounds "9"]
[EventCountry "DEN"]
[SourceTitle "EXT 2023"]
[Source "ChessBase"]
[SourceDate "2022.10.05"]
[SourceVersion "1"]
[SourceVersionDate "2022.10.05"]
[SourceQuality "1"]

1. e4 c5 2. d3 g6 3. Nf3 Bg7 4. c3 d5 5. Be3 b6 6. Nbd2 Bb7 7. Be2 Nf6 8. e5 Ng4 9. Bf4 Nc6 10. d4 0-0 11. h3 Nh6 12. Ng5 cxd4 13. Ndf3 dxc3 14. bxc3 Qc7 15. Rc1 Nxe5 16. Nxe5 Bxe5 17. Qd2 Bxf4 18. Qc2 Bxg5 19. Rd1 Rac8 20. Rd3 Bf6 21. 0-0 d4 22. f3 dxc3 23. Rfd1 Rfd8 24. Re3 Rxd1+ 25. Bxd1 Bd4 26. Qc1 Nf5 27. Kf2 Bxe3+ 28. Qxe3 Nxe3 29. Kxe3 c2 30. Bxc2 Qxc2 31. g4 Rc3+ 32. Kf4 Rxf3+ 33. Kg5 f6+ 34. Kh4 Qf2# 0-1